Développement et transition vers l'économie de marché : Ouvrage extrait (Record no. 36814)

MARC details
000 -LEADER
fixed length control field 00788 a2200253 4500
037 ## - SOURCE OF ACQUISITION
Stock number De 8948
020 ## - NUMERO INTERNATIONAL NORMALISE DES LIVRES
International Standard Book Number 2-920021-87-7
100 ## - VEDETTE PRINCIPALE - NOM DE PERSONNE
Personal name Benali, Driss
100 ## - VEDETTE PRINCIPALE - NOM DE PERSONNE
Language of a work Fr
110 ## - VEDETTE PRINCIPALE - NOM DE COLLECTIVITE
Corporate name or jurisdiction name as entry element Réseau Analyse Economique et Développement. Journées Scientifiques (3 ; 1996 ; Hanoï Vietnam)
260 ## - PUBLICATION, DISTRIBUTION, ETC. (IMPRINT)
Place of publication, distribution, etc Montréal
260 ## - PUBLICATION, DISTRIBUTION, ETC. (IMPRINT)
Name of publisher, distributor, etc Ed. de l'Agence Universitaire Francophone
245 ## - TITLE STATEMENT
Title Développement et transition vers l'économie de marché : Ouvrage extrait
260 ## - PUBLICATION, DISTRIBUTION, ETC. (IMPRINT)
Date of publication, distribution, etc 1998
300 ## - PHYSICAL DESCRIPTION
Extent 586p.
300 ## - PHYSICAL DESCRIPTION
Other physical details 25 cm
440 ## - SERIES STATEMENT/ADDED ENTRY--TITLE
Title Universités Francophones. Actualité scientifique
630 ## - SUBJECT ADDED ENTRY--UNIFORM TITLE
Uniform title 33 - Economie. Economie politique
650 ## - SUBJECT ADDED ENTRY--TOPICAL TERM
Topical term or geographic name as entry element 3 - SCIENCES SOCIALES
650 ## - SUBJECT ADDED ENTRY--TOPICAL TERM
Topical term or geographic name as entry element Economie : développement
700 ## - ADDED ENTRY--PERSONAL NAME
Personal name Bsais, Abdeljabar, [et al]
Holdings
Withdrawn status Lost status Damaged status Not for loan Location (home branch) Sublocation or collection (holding branch) Date acquired Coded location qualifier Koha issues (times borrowed) Koha full call number Piece designation (barcode) Koha date last seen Copy number Price effective from Koha item type
        Bibliothèque Universitaire Centrale Bibliothèque Universitaire Centrale 28/02/2009 DE 8948   338.1 DEV DE-8948Buc 28/02/2009 1 28/02/2009 Libre Accès


© 2008, Bibliothèques de l'Université d'Abomey-Calavi

04 BP 789 Cotonou, Tél. : +229 21 36 01 01, Fax : +229 21 35 06 32

Courriel : bu@bu.uac.bj